Hidup bermasyarakat

Bibliographic Details
Main Author: Shamsuddin Rahmat
Format: Book
Published: Kuala lumpur : Pustaka cipta sdn.bhd. , 1991
Subjects:

MARC

LEADER 00000cam a2200000 7i4500
001 0000076041
005 20171023.0
008 171023
020 |a 9679974413 
090 0 0 |a PR   |b MAL 
100 1 |a Shamsuddin Rahmat 
245 1 0 |a Hidup bermasyarakat   |c Shamsuddin Rahmat 
260 |a Kuala lumpur :   |b Pustaka cipta sdn.bhd. ,   |c 1991 
650 0 |a Siri bacaan alam dan manusia 
999 |a 0000200185   |b Book   |c Children Collection   |e Cawangan Pontian